[Event "Maastricht Limburg op-B 9th"]
[Site "Maastricht"]
[Date "2015.05.23"]
[Round "2"]
[White "Reichardt, Monica"]
[Black "Fortenbacher, Florian"]
[Result "1/2-1/2"]
[WhiteElo "1860"]
[BlackElo "1678"]
[PlyCount "59"]
[EventDate "2015.05.22"]
[EventType "swiss"]
[EventRounds "7"]
[EventCountry "NED"]
[SourceTitle "EXT 2016"]
[Source "ChessBase"]
[SourceDate "2015.10.08"]
[SourceVersion "1"]
[SourceVersionDate "2015.10.08"]
[SourceQuality "1"]

1. e4 e5 2. Nc3 Nc6 3. Bc4 Nf6 4. d3 d6 5. f4 Be6 6. Bb3 Be7 7. Nf3 0-0 8. 0-0 exf4 9. Bxf4 Bg4 10. Ne2 Qd7 11. Qd2 Rae8 12. c3 Kh8 13. Ng3 Nh5 14. Ng5 Bxg5 15. Nxh5 Bxh5 16. Bxg5 f6 17. Be3 a6 18. Qf2 Ne5 19. Qd2 Qg4 20. Bd1 Qg6 21. Bxh5 Qxh5 22. Rf5 Qg6 23. Raf1 Qf7 24. b3 Ng6 25. Qf2 Kg8 26. Qg3 Ne7 27. R5f3 Ng6 28. Rf5 Ne7 29. R5f3 Ng6 30. Rf5 1/2-1/2